[Event "Arco Christmas op 8th"]
[Site "Arco"]
[Date "2017.12.26"]
[Round "1"]
[White "Dentale, Raffaele"]
[Black "Carillo, Thomas"]
[Result "1-0"]
[WhiteElo "1710"]
[BlackElo "1033"]
[PlyCount "43"]
[EventDate "2017.12.26"]
[EventType "swiss"]
[EventRounds "7"]
[EventCountry "ITA"]
[SourceTitle "CBM 182 Extra"]
[Source "ChessBase"]
[SourceDate "2018.02.23"]
[SourceVersion "1"]
[SourceVersionDate "2018.02.23"]
[SourceQuality "1"]

1. e4 e5 2. Nf3 Nc6 3. Bc4 Nf6 4. d3 d5 5. exd5 Nxd5 6. 0-0 Bg4 7. h3 Bxf3 8. Qxf3 Nce7 9. Nc3 c6 10. Re1 b5 11. Bxd5 cxd5 12. Rxe5 d4 13. Nxb5 Qb8 14. Qxa8 Qxa8 15. Nc7+ Kd8 16. Nxa8 Nc6 17. Rd5+ Ke8 18. Bf4 Nb4 19. Re1+ Be7 20. Nc7+ Kf8 21. Rd8+ Bxd8 22. Re8# 1-0